[Event "Groningen PCA"]
[Site "Groningen"]
[Date "1993.??.??"]
[Round "1"]
[White "Smirin, Ilia"]
[Black "Vyzmanavin, Alexey"]
[Result "1/2-1/2"]
[WhiteElo "2640"]
[BlackElo "2605"]

1.e4 c5 2.Nf3 Nc6 3.Bb5 g6 4.c3 Nf6 5.e5 Nd5 6.O-O Bg7 7.d4 cxd4 8.cxd4 O-O
9.Nc3 Nc7 10.Bg5 h6 11.Bh4 Nxb5 12.Nxb5 a6 13.Nd6 g5 14.Bxg5 hxg5 15.Nxg5 f6
16.exf6 Rxf6 17.Qb3+ e6 18.d5 Nd4 19.Qd3 Rf4 20.Qh7+ Kf8 21.Qg6 Qe7 22.Nc4 Rh4
23.d6 Qf6 24.Nh7+ Rxh7 25.Qxh7 b5 26.Qe4 Rb8 27.Na5 Qf5 28.Qe3 b4 29.Rad1 Ne2+
30.Qxe2 Qxa5 31.Qc2 Qb6 32.Qh7 Bb7 33.Rd3 Rc8 34.Qh4 Kg8 35.Qg4 Rf8 36.h4 Rf7
37.h5 Kf8 38.Qg6 Rf6 39.Qg5 Qb5 40.Qxb5 axb5 41.Rc1 Rf4 42.Rc7 Bd5 43.Rc8+ Kf7
44.Rc7 Ke8 45.Rc8+ Kf7 46.Rc7  1/2-1/2

[Event "Groningen PCA"]
[Site "Groningen"]
[Date "1993.??.??"]
[Round "2"]
[White "Lutz, Christopher"]
[Black "Smirin, Ilia"]
[Result "0-1"]
[WhiteElo "2605"]
[BlackElo "2640"]

1.d4 Nf6 2.c4 g6 3.Nc3 Bg7 4.e4 d6 5.Nf3 O-O 6.Be2 e5 7.O-O Nc6 8.d5 Ne7
9.b4 a5 10.bxa5 Rxa5 11.Ne1 Nd7 12.Nd3 f5 13.Bd2 c5 14.exf5 gxf5 15.f4 Ng6
16.Qc2 Ra6 17.Kh1 exf4 18.Nxf4 Nxf4 19.Bxf4 Ne5 20.Rab1 Ng6 21.Bd2 Qh4 22.g3 Qh3
23.Nd1 f4 24.Nf2 Qd7 25.Ne4 Qe7 26.Bxf4 Nxf4 27.gxf4 Bf5 28.Bd3 Rfa8 29.Ng3 Bh3
30.Rfe1 Qh4 31.Re2 Bg4 32.Rxb7 Bf3+ 33.Kg1 Bd4+ 34.Kf1 Qxf4 35.Rf2 Rxa2 36.Rb8+ Rxb8  0-1

[Event "Groningen PCA"]
[Site "Groningen"]
[Date "1993.??.??"]
[Round "3"]
[White "Smirin, Ilia"]
[Black "Benjamin, Joel"]
[Result "0-1"]
[WhiteElo "2640"]
[BlackElo "2620"]

1.e4 c5 2.Nf3 d6 3.d4 cxd4 4.Nxd4 Nf6 5.Nc3 Nc6 6.Be2 e5 7.Nf3 h6 8.O-O Be7
9.Re1 O-O 10.h3 Be6 11.Bf1 Qa5 12.Bd2 Qd8 13.Bc1 Qa5 14.a3 Rfc8 15.Rb1 Qc7
16.Nb5 Qd8 17.b3 a6 18.Nc3 Nb8 19.Bb2 Nbd7 20.a4 Rc5 21.Nd2 Rac8 22.Re3 d5
23.exd5 Nxd5 24.Nxd5 Rxd5 25.Bc4 Rd6 26.Qe1 Rdc6 27.Rd1 Bb4 28.Qe2 f6 29.Bxe6+ Rxe6
30.Nc4 Qe8 31.a5 Bc5 32.Rg3 Nf8 33.Bc1 Kh8 34.Be3 Be7 35.Nb6 Rd8 36.Rxd8 Bxd8
37.Qf3 Rc6 38.c4 Qf7 39.Qd1 Bxb6 40.axb6 f5 41.f4 exf4 42.Bxf4 Rxb6 43.Be5 Rg6
44.Rf3 Qe6 45.Bc3 Qe4 46.Qd5 Ne6 47.Qxe4 fxe4 48.Re3 Nf4 49.Kf1 Re6 50.Rg3 Nh5
51.Rg4 Kh7 52.Rh4 Ng3+ 53.Kf2 g5 54.Rg4 Nf5  0-1

[Event "Groningen PCA"]
[Site "Groningen"]
[Date "1993.??.??"]
[Round "4"]
[White "Hansen, Curt"]
[Black "Smirin, Ilia"]
[Result "1/2-1/2"]
[WhiteElo "2590"]
[BlackElo "2640"]

1.c4 g6 2.Nf3 Bg7 3.d4 Nf6 4.Nc3 O-O 5.g3 c6 6.Bg2 d5 7.Qb3 Qb6 8.O-O Bf5
9.Ne5 Rd8 10.cxd5 Qxb3 11.axb3 cxd5 12.Bf4 Nbd7 13.Nxd7 Bxd7 14.Nxd5 Nxd5
15.Bxd5 Bh3 16.Bxb7 Bxf1 17.Kxf1 Rab8 18.Bxb8 Rxb8 19.Rxa7 Bxd4 20.Ra4 Bxf2
21.Kxf2 Rxb7 22.b4 Kf8 23.Ke3 Ke8 24.Kd4 Kd7 25.b3 Kc6 26.Kc4 Kb6 27.Ra5 Rd7
28.Rb5+ Kc6 29.Rc5+ Kb6 30.Rb5+ Kc6 31.Rc5+ Kb6 32.Rb5+  1/2-1/2

[Event "Groningen PCA"]
[Site "Groningen"]
[Date "1993.??.??"]
[Round "7"]
[White "Sokolov, Ivan"]
[Black "Smirin, Ilia"]
[Result "1/2-1/2"]
[WhiteElo "2610"]
[BlackElo "2640"]

1.d4 Nf6 2.c4 g6 3.Nc3 Bg7 4.e4 d6 5.Nge2 O-O 6.f3 e5 7.Bg5 Nc6 8.d5 Ne7
9.Qd2 h5 10.Nc1 Nh7 11.Be3 f5 12.Nd3 c6 13.O-O-O cxd5 14.cxd5 Bd7 15.Kb1 Nf6
16.h3 Rc8 17.Bg5 Qb6 18.Re1 Rf7 19.Nc1 a6 20.Bd3 Qd8 21.Nb3 f4 22.Ne2 Nh7
23.Bh4 g5 24.Bf2 Ng6 25.Qb4 Bf8 26.Rc1 g4 27.hxg4 hxg4 28.Na5 Rxc1+ 29.Nxc1 b5
30.Be2 Qg5 31.Nd3 Nf6 32.Rc1 Rh7 33.Nc6 Rh2 34.Rg1 Qh6 35.Nd8 g3 36.Ba7 Bh3
37.Ne1 Qh7 38.Nc6 Bd7 39.Bb6 Rh1 40.Rxh1 Qxh1 41.Qd2 Bc8 42.b4 Bd7 43.Kb2 Ne7
44.Nxe7+ Bxe7 45.Bd3 Kf7 46.Qe2 Qh8 47.Qc2 Bd8 48.Ba7 Qh1 49.Qe2 Ne8 50.Qf1 Qh8
51.Kc1  1/2-1/2

[Event "Groningen PCA"]
[Site "Groningen"]
[Date "1993.??.??"]
[Round "8"]
[White "Kaidanov, Grigory S"]
[Black "Smirin, Ilia"]
[Result "1-0"]
[WhiteElo "2640"]
[BlackElo "2640"]

1.e4 c5 2.Nf3 d6 3.d4 cxd4 4.Nxd4 Nf6 5.Nc3 Nc6 6.Bc4 e6 7.Be3 a6 8.Bb3 Qc7
9.f4 Be7 10.O-O Na5 11.f5 Nc4 12.Bxc4 Qxc4 13.Qf3 O-O 14.Rad1 b5 15.e5 dxe5
16.Qxa8 exd4 17.Bxd4 Bc5 18.Bxc5 Qxc5+ 19.Kh1 exf5 20.Qf3 Be6 21.Qf2 Qb4
22.Rb1 Qd6 23.Qf4 Qb6 24.a3 h6 25.Rbd1 a5 26.Qd6 Qb7 27.Rd4 Rc8 28.Re1 Ne8
29.Qf4 Nc7 30.Red1 Kh7 31.Qf3 Qb8 32.Qd3 Qb6 33.Rd6 Qb7 34.Qf3 Qb8 35.b4 axb4
36.axb4 Ne8 37.Rc6 Nf6 38.h3 g6 39.Rxc8 Bxc8 40.Qc6 Nh5 41.Qxb5 Qf4 42.Qd5 Qc7
43.Qc5 Qb8 44.Qd6 Qa7 45.Nd5 Be6 46.Nf4 Ng3+ 47.Kh2 Ne4 48.Qe5 g5 49.Nxe6 fxe6
50.Rd8 Kg6 51.Qxe6+  1-0

[Event "Groningen PCA"]
[Site "Groningen"]
[Date "1993.??.??"]
[Round "9"]
[White "Smirin, Ilia"]
[Black "Chernin, Alexander"]
[Result "1/2-1/2"]
[WhiteElo "2640"]
[BlackElo "2615"]

1.e4 d6 2.d4 Nf6 3.Bd3 e5 4.c3 d5 5.dxe5 Nxe4 6.Nf3 Nc6 7.Nbd2 Ng5 8.Bb5 Bd7
9.Qe2 a6 10.Bxc6 Bxc6 11.Nd4 Bd7 12.O-O Ne6 13.a4 c5 14.Nxe6 Bxe6 15.f4 Qd7
16.c4 Bf5 17.Ra3 d4 18.Ne4 h5 19.Ng3 Bg4 20.Qe4 Qc6 21.Qxc6+ bxc6 22.f5 h4
23.h3 Bxh3 24.gxh3 hxg3 25.Rxg3 Rb8 26.b3 Kd7 27.e6+ Ke8 28.Re1 Rb7 29.Ba3 Rh5
30.Rf3 Bd6 31.f6 gxf6 32.Rxf6 fxe6 33.Rexe6+ Be7 34.Rf3 Kd7 35.Re4 Rh7 36.Re5 Rb8
37.Bxc5 Bxc5 38.Rxc5 Rbh8 39.Kh2 Re8 40.Rg5 Re2+ 41.Kg3 Rhe7 42.Rg4 c5 43.Rg5 Kd6
44.h4 R7e3 45.Rd5+ Kc6 46.h5 Kb6 47.Rxe3 Rxe3+ 48.Kg4 Re1 49.h6 Rh1 50.Kg5 Rg1+
51.Kf4 Rh1 52.Kg5 Rg1+ 53.Kf6 Rh1 54.Kg6 Rg1+ 55.Kf7 Rf1+ 56.Kg6 Rg1+ 57.Kf7 Rf1+
58.Kg6  1/2-1/2

[Event "Haifa"]
[Site "Haifa"]
[Date "1993.??.??"]
[Round "?"]
[White "Alterman, Boris"]
[Black "Smirin, Ilia"]
[Result "1/2-1/2"]
[WhiteElo "2600"]
[BlackElo "2590"]

1.d4 Nf6 2.Nf3 g6 3.c4 Bg7 4.Nc3 O-O 5.e4 d6 6.Be2 e5 7.Be3 h6 8.O-O Ng4
9.Bc1 Nc6 10.d5 Ne7 11.Ne1 h5 12.f3 Nh6 13.Nd3 f5 14.Bd2 f4 15.c5 g5 16.cxd6 cxd6
17.Nf2 Rf7 18.h3 Bf8 19.a4 Rg7 20.Nb5 Kh8 21.Qc2 Neg8  1/2-1/2

[Event "Haifa"]
[Site "Haifa"]
[Date "1993.??.??"]
[Round "?"]
[White "Smirin, Ilia"]
[Black "Alterman, Vladimir I"]
[Result "1-0"]
[WhiteElo "2590"]
[BlackElo "2405"]

1.e4 c5 2.Nf3 d6 3.d4 cxd4 4.Nxd4 Nf6 5.Nc3 g6 6.Be3 Bg7 7.f3 Nc6 8.Qd2 O-O
9.O-O-O Qa5 10.Nb3 Qc7 11.g4 Be6 12.g5 Nd7 13.h4 a5 14.Nb5 Qc8 15.Kb1 Nde5
16.N3d4 Nc4 17.Bxc4 Bxc4 18.h5 Rd8 19.hxg6 hxg6 20.Rh4 Bxb5 21.Nxb5 Ne5 22.Qg2 Nc4
23.Bd4 e5 24.Bf2 Nxb2 25.Kxb2 Qc4 26.Qf1 Qb4+ 27.Ka1 Rac8 28.Qd3 a4 29.Be1 Qc5
30.Nc3 d5 31.Nxd5  1-0

[Event "Haifa"]
[Site "Haifa"]
[Date "1993.??.??"]
[Round "?"]
[White "Smirin, Ilia"]
[Black "Tseitlin, Mark D"]
[Result "1-0"]
[WhiteElo "2590"]
[BlackElo "2460"]

1.e4 e5 2.Nf3 Nc6 3.Bb5 a6 4.Ba4 Nf6 5.O-O Be7 6.Re1 b5 7.Bb3 O-O 8.d3 d6
9.c3 Na5 10.Bc2 c5 11.Nbd2 Nd7 12.Nf1 Nb6 13.Ng3 Nc6 14.h3 Qc7 15.Nh2 d5
16.exd5 Nxd5 17.Qf3 Nf4 18.Ng4 Bb7 19.Bxf4 exf4 20.Nf5 Rae8 21.Re4 Bg5 22.h4 Ne5
23.Nxe5 Rxe5 24.Qg4 Bxe4 25.dxe4 Bf6 26.Qxf4 Qc6 27.Qxe5  1-0

[Event "Las Palmas3"]
[Site "Las Palmas"]
[Date "1993.??.??"]
[Round "3"]
[White "Magem Badals, Jorge"]
[Black "Smirin, Ilia"]
[Result "0-1"]
[WhiteElo "2505"]
[BlackElo "2640"]

1.e4 c5 2.Nf3 d6 3.d4 cxd4 4.Nxd4 Nf6 5.f3 Nc6 6.Nc3 e5 7.Nb3 Be7 8.Be3 O-O
9.Qd2 a5 10.Bb5 Be6 11.O-O Na7 12.Be2 Nc6 13.Bb5 Na7 14.Be2 Nc8 15.a4 Nb6
16.Kh1 d5 17.Bxb6 Qxb6 18.Nxd5 Bxd5 19.exd5 Rfd8 20.Bc4 Rac8 21.Qxa5 Qe3
22.Bd3 Nxd5 23.Be4 Nf6 24.Rae1 Qh6 25.Bxb7 Rb8 26.Qa6 e4 27.fxe4 Qh4 28.g3 Qh3
29.Bd5 Bd6 30.Rf3 Be5 31.Qe2 Bxb2 32.c4 Be5 33.a5 Rb4 34.a6 Rd7 35.c5 h5
36.c6 Ra7 37.Rc1 h4 38.gxh4 Qxh4 39.Nc5 Rb2 40.Rc2 Rb1+ 41.Rf1 Nh5 42.Rxb1 Ng3+
43.Kg1 Nxe2+ 44.Rxe2 Bd4+  0-1

[Event "Las Palmas3"]
[Site "Las Palmas"]
[Date "1993.??.??"]
[Round "7"]
[White "Dao Thien Hai"]
[Black "Smirin, Ilia"]
[Result "1/2-1/2"]
[WhiteElo "2565"]
[BlackElo "2640"]

1.d4 Nf6 2.c4 g6 3.Nc3 Bg7 4.e4 d6 5.f3 O-O 6.Bg5 c5 7.d5 e6 8.Nge2 h6 9.Be3 exd5
10.cxd5 Nbd7 11.Ng3 h5 12.Be2 a6 13.a4 h4 14.Nf1 Re8 15.Nd2 Nh5 16.Nc4 Ne5
17.Qd2 Nxc4 18.Bxc4 f5 19.O-O Bd7 20.Rae1 Qf6 21.exf5 gxf5 22.Bg5 Qd4+ 23.Qxd4 cxd4
24.Na2 h3 25.a5 hxg2 26.Kxg2 Be5 27.f4 Bg7 28.Re7 Rxe7 29.Bxe7 Nf6 30.Rc1 Ne4
31.Bf1 Re8 32.Bh4 Nd2 33.Bd3 Nb3 34.Re1 Rc8 35.Nb4 Nc5 36.Bb1 Ne4 37.Bf2 Rc4
38.Nd3 Bb5 39.Nc1 Rb4 40.b3 Kf7 41.Rxe4 d3 42.Re1 d2 43.Rd1 dxc1=Q 44.Rxc1 Rxf4
45.Rc7+ Kg6 46.Rxb7 Rb4 47.Bxf5+ Kxf5 48.Rxg7 Rxb3 49.Bg3  1/2-1/2

[Event "Las Palmas3"]
[Site "Las Palmas"]
[Date "1993.??.??"]
[Round "8"]
[White "Krasenkow, Michal"]
[Black "Smirin, Ilia"]
[Result "1/2-1/2"]
[WhiteElo "2595"]
[BlackElo "2640"]

1.d4 Nf6 2.c4 g6 3.Nc3 Bg7 4.e4 d6 5.Nf3 O-O 6.Be2 e5 7.dxe5 dxe5 8.Qxd8 Rxd8
9.Bg5 c6 10.Nxe5 Re8 11.O-O-O Na6 12.Rd6 Be6 13.f4 h6 14.Bxf6 Bxf6 15.Rhd1 Bxe5
16.fxe5 Re7 17.Rd8+ Re8 18.R8d6 Re7  1/2-1/2

[Event "Munich op9293"]
[Site "Munich"]
[Date "1993.??.??"]
[Round "1"]
[White "Smirin, Ilia"]
[Black "Elbilia, Jacques"]
[Result "1-0"]
[WhiteElo "2555"]
[BlackElo "2340"]

1.d4 e6 2.c4 f5 3.g3 Nf6 4.Bg2 c6 5.Nc3 d5 6.Nh3 Bd6 7.O-O O-O 8.Bf4 Be7
9.c5 b6 10.b4 h6 11.Bxb8 Rxb8 12.Nf4 bxc5 13.bxc5 Qa5 14.Qc2 Kh7 15.Nd3 Bd7
16.Rab1 Rfc8 17.Rb3 Rxb3 18.axb3 Qa3 19.Rb1 Rb8 20.h3 g6 21.Na4 Bd8 22.e3 Kg7
23.Bf3 Ne4 24.Rb2 Bc8 25.Ne5 Bb7 26.Bxe4 fxe4 27.Ra2 Qb4 28.Nc3 Ba5 29.Nxe4 Qe1+
30.Kg2 Ba6 31.Nd2  1-0

[Event "Munich op9293"]
[Site "Munich"]
[Date "1993.??.??"]
[Round "8"]
[White "Smirin, Ilia"]
[Black "Chernin, Alexander"]
[Result "1/2-1/2"]
[WhiteElo "2555"]
[BlackElo "2600"]

1.e4 e6 2.d4 d5 3.Nc3 dxe4 4.Nxe4 Bd7 5.Nf3 Bc6 6.Bd3 Nd7 7.O-O Ngf6 8.Ned2 Be7
9.c4 O-O 10.Re1 Re8 11.a3 a5 12.b3 b6 13.Bb2  1/2-1/2

[Event "Oviedo rapid"]
[Site "Oviedo"]
[Date "1993.??.??"]
[Round "2"]
[White "Smirin, Ilia"]
[Black "Kaplan, Lael"]
[Result "1-0"]
[WhiteElo "2640"]
[BlackElo "2185"]

1.e4 c5 2.Nf3 e6 3.d4 cxd4 4.Nxd4 Nf6 5.Nc3 d6 6.f4 a6 7.Qf3 Qb6 8.Nb3 Qc7
9.g4 Nc6 10.g5 Nd7 11.Be3 b5 12.O-O-O b4 13.Ne2 Bb7 14.Kb1 O-O-O 15.c3 bxc3
16.Nxc3 Kb8 17.Qf2 Rc8 18.Rc1 Ka8 19.Be2 Be7 20.Rhd1 Qd8 21.h4 h6 22.Na4 hxg5
23.hxg5 g6 24.Ka1 Rh7 25.f5 Qe8 26.f6 Bf8 27.Rc3 Ncb8 28.Rdc1 Rxc3 29.Nxc3 Qd8
30.Qf1 Rh8 31.Bd3 Ne5 32.Na4  1-0

[Event "Oviedo rapid"]
[Site "Oviedo"]
[Date "1993.??.??"]
[Round "4"]
[White "Smirin, Ilia"]
[Black "Garcia, Gildardo"]
[Result "1-0"]
[WhiteElo "2640"]
[BlackElo "2520"]

1.e4 e5 2.Nf3 Nc6 3.Bb5 Bc5 4.O-O d6 5.c3 Bd7 6.d4 Bb6 7.Na3 Nge7 8.Nc4 O-O
9.a4 exd4 10.cxd4 Bg4 11.Nxb6 axb6 12.Be3 d5 13.h3 Bh5 14.e5 Nf5 15.g4 Nxe3
16.fxe3 Bg6 17.Bd3 Nb4 18.Bf5 c5 19.Qd2 Qe7 20.h4 h5 21.Ng5 hxg4 22.Bxg6 fxg6
23.Qg2 cxd4 24.exd4 g3 25.Qxg3 Rf5 26.Rxf5 gxf5 27.Rc1 Qe8 28.e6 Nc6 29.Qc7 Qh5
30.Qf7+ Qxf7 31.exf7+ Kf8 32.b4 Nxd4  1-0

[Event "Oviedo rapid"]
[Site "Oviedo"]
[Date "1993.??.??"]
[Round "7"]
[White "Illescas Cordoba, Miguel"]
[Black "Smirin, Ilia"]
[Result "1/2-1/2"]
[WhiteElo "2625"]
[BlackElo "2640"]

1.Nf3 Nf6 2.c4 g6 3.Nc3 Bg7 4.e4 d6 5.d4 O-O 6.Be2 e5 7.d5 Na6 8.Nd2 Ne8
9.Rb1 f5 10.b4 Nf6 11.O-O c5 12.a3 b6 13.Bd3 f4 14.Be2 g5 15.g4 h5 16.h3 Rf7
17.f3 Nb8 18.bxc5 dxc5 19.Qa4 Bd7 20.Qc2 Bc8 21.Qa4 Bd7 22.Qc2 Bc8  1/2-1/2

[Event "Oviedo rapid"]
[Site "Oviedo"]
[Date "1993.??.??"]
[Round "8"]
[White "Smirin, Ilia"]
[Black "Strikovic, Aleksa"]
[Result "1-0"]
[WhiteElo "2640"]
[BlackElo "2465"]

1.e4 d6 2.d4 Nf6 3.Bd3 e5 4.c3 g6 5.Nf3 Nbd7 6.O-O Bg7 7.Re1 O-O 8.Nbd2 Re8
9.Qb3 Qe7 10.Nc4 h6 11.h3 Nh5 12.Bf1 Nb6 13.Na5 Qf6 14.Qd1 Nf4 15.Kh2 g5
16.g3 Ng6 17.Bg2 g4 18.hxg4 Bxg4 19.d5 Ne7 20.c4 Qg6 21.Qb3 Qh5+ 22.Kg1 f5
23.Nh2 Bh3 24.Qf3 Qxf3 25.Nxf3 fxe4 26.Rxe4 Bf5 27.Re1 Nd7 28.Nxb7 a5 29.c5 Nxc5
30.Nxc5 dxc5 31.Nd2 e4 32.Nxe4 Nxd5 33.Bd2 Nb4 34.Nxc5 Rxe1+ 35.Rxe1 Rd8
36.Bf4 c6 37.Nb7 Ra8 38.Nd6 Bg6  1-0

[Event "Oviedo rapid"]
[Site "Oviedo"]
[Date "1993.??.??"]
[Round "9"]
[White "Smirin, Ilia"]
[Black "Kumaran, Dharshan"]
[Result "1-0"]
[WhiteElo "2640"]
[BlackElo "2425"]

1.e4 c6 2.d4 d5 3.Nd2 dxe4 4.Nxe4 Nd7 5.Ng5 Ndf6 6.N1f3 Bg4 7.c3 h6 8.Nh3 e6
9.Nf4 Bd6 10.h3 Bf5 11.Nd3 Ne7 12.Nde5 O-O 13.Bc4 c5 14.Qe2 cxd4 15.Nxd4 Ng6
16.Ng4 Re8 17.Bb3 Nf4 18.Bxf4 Bxg4 19.hxg4 Bxf4 20.g3 e5 21.Ne6 fxe6 22.Bxe6+ Kh8  1-0

[Event "Oviedo rapid"]
[Site "Oviedo"]
[Date "1993.??.??"]
[Round "10"]
[White "Krasenkow, Michal"]
[Black "Smirin, Ilia"]
[Result "1/2-1/2"]
[WhiteElo "2595"]
[BlackElo "2640"]

1.g3 g6 2.Bg2 Bg7 3.d4 Nf6 4.e4 d6 5.Ne2 O-O 6.O-O e5 7.Nbc3 Nc6 8.d5 Ne7
9.h3 Nd7 10.Kh2 f5 11.f4 fxe4 12.Bxe4 Nf5 13.Rb1 Nc5 14.Bg2 a5 15.Ne4 Nxe4
16.Bxe4 Bd7 17.Qd3 Kh8 18.fxe5 Bxe5 19.Bf4 Qe7 20.Nc3 Rae8 21.Rbe1 Qg7 22.Bxe5 Rxe5
23.g4 Nh6 24.Qg3 Rfe8 25.Bg2 Nf7 26.Ne4 Bb5 27.Rg1 R8e7 28.b3 Bd7 29.a4 b6
30.Rgf1 h6 31.h4 Be8 32.g5 hxg5 33.hxg5 Qh7+ 34.Kg1 Qh5 35.Rf4 Kg7 36.Rh4 Rxe4
37.Rexe4 Qd1+ 38.Kh2  1/2-1/2

[Event "Oviedo rapid"]
[Site "Oviedo"]
[Date "1993.??.??"]
[Round "13"]
[White "Timman, Jan H"]
[Black "Smirin, Ilia"]
[Result "1/2-1/2"]
[WhiteElo "2620"]
[BlackElo "2640"]

1.d4 Nf6 2.c4 g6 3.Nc3 Bg7 4.e4 d6 5.f3 O-O 6.Be3 Nbd7 7.Bd3 c5 8.Nge2 cxd4
9.Nxd4 e6 10.O-O d5 11.exd5 exd5 12.Qd2 Ne5 13.c5 Nfd7 14.Nde2 b6 15.cxb6 Nxb6
16.Bd4 Nbc4 17.Bxc4 dxc4 18.Rad1 Bb7 19.Qe3 Qa5 20.b4 cxb3 21.axb3 Rfe8 22.Qf2 Qb4
23.Ne4 Bxe4 24.fxe4 Qxb3 25.Rb1 Qc4 26.Rbc1 Qa2 27.Ra1 Qc4  1/2-1/2

[Event "Rostov"]
[Site "Rostov"]
[Date "1993.??.??"]
[Round "?"]
[White "Epishin, Vladimir"]
[Black "Smirin, Ilia"]
[Result "1/2-1/2"]
[WhiteElo "2620"]
[BlackElo "2590"]

1.d4 Nf6 2.c4 g6 3.Nc3 Bg7 4.e4 d6 5.Nf3 O-O 6.Be2 e5 7.O-O Na6 8.Re1 Qe8
9.Bg5 h6 10.Bxf6 Bxf6 11.c5 Nb4 12.dxe5 dxe5 13.Qb3 Nc6 14.Nd5 Bd8 15.h3 Nd4
16.Nxd4 exd4 17.Bg4 Bxg4 18.hxg4 b6 19.Nf4 Kh7 20.e5 Bg5 21.Nd5 Rd8 22.cxb6 axb6
23.Rad1 c5 24.f4 Qc6 25.Nb4 cxb4 26.fxg5 hxg5 27.e6 fxe6 28.Rxe6 Qd7 29.Rxb6 Qxg4
30.Rxb4 Qh4 31.Qh3 Qxh3 32.gxh3 Rf4 33.Rb3 Kh6 34.Rbd3 g4 35.hxg4 Kg5 36.a4 Rxg4+
37.Kf2 Rh8 38.Rxd4  1/2-1/2

[Event "Rostov"]
[Site "Rostov"]
[Date "1993.??.??"]
[Round "?"]
[White "Dolmatov, Sergey"]
[Black "Smirin, Ilia"]
[Result "1-0"]
[WhiteElo "2615"]
[BlackElo "2590"]

1.e4 d6 2.d4 Nf6 3.Nc3 g6 4.f4 Bg7 5.Nf3 O-O 6.Bd3 Na6 7.O-O c5 8.d5 Bg4
9.Bc4 Nc7 10.h3 Bxf3 11.Qxf3 e6 12.dxe6 fxe6 13.Be3 Qe7 14.e5 dxe5 15.Qxb7 Rfb8
16.Qf3 Rxb2 17.Ne4 Nxe4 18.Qxe4 exf4 19.Bxf4 Re8 20.Bb3 Rxb3 21.axb3 Bxa1
22.Rxa1 Nb5 23.Be3 Rc8 24.Ra6 Nd6 25.Qe5 Nf7 26.Qxe6 Qxe6 27.Rxe6 a5 28.Bd2 Ra8
29.Rc6 a4 30.bxa4 Rxa4 31.Rxc5 Nd6 32.Rc6 Nc4 33.Bg5 Kf7 34.Kf2 Ke8 35.Rc7 Nd6
36.Ke2 Rc4 37.Rxc4 Nxc4 38.Kd3 Na5 39.Kd4 Nc6+ 40.Kc5 Kd7 41.Bf6 Na7 42.Kd5 Nc8
43.Bg5 Nb6+ 44.Ke5 Nc4+ 45.Kf6 Na3 46.Kg7  1-0

[Event "Rostov"]
[Site "Rostov"]
[Date "1993.??.??"]
[Round "?"]
[White "Smirin, Ilia"]
[Black "Psakhis, Lev"]
[Result "1/2-1/2"]
[WhiteElo "2590"]
[BlackElo "2575"]

1.d4 e6 2.e4 d5 3.Nd2 c5 4.Ngf3 Nf6 5.exd5 exd5 6.Bb5+ Bd7 7.Bxd7+ Nbxd7
8.O-O Be7 9.dxc5 Nxc5 10.Nd4 Qd7 11.N2b3 Nce4 12.Qf3 O-O 13.Nf5 Bd8 14.Be3 g6
15.Ng3 Re8 16.Rfd1 Qc8 17.c3 a5  1/2-1/2

[Event "Rostov"]
[Site "Rostov"]
[Date "1993.??.??"]
[Round "?"]
[White "Smirin, Ilia"]
[Black "Lputian, Smbat G"]
[Result "1-0"]
[WhiteElo "2590"]
[BlackElo "2610"]

1.e4 e6 2.d4 d5 3.Nc3 Nf6 4.e5 Nfd7 5.f4 c5 6.Nf3 Nc6 7.Be3 a6 8.Qd2 cxd4
9.Nxd4 Bc5 10.O-O-O O-O 11.h4 Nxd4 12.Bxd4 b5 13.h5 b4 14.Ne2 a5 15.Bxc5 Nxc5
16.Qe3 Qb6 17.f5 a4 18.Kb1 b3 19.cxb3 axb3 20.a3 exf5 21.Rxd5 Ra5 22.Nf4 h6
23.Bd3 Be6 24.Rd6 Qb7 25.Rc1 Rc8 26.Qd4 Nxd3 27.Rxc8+ Bxc8 28.Ng6 Kh7 29.Nf8+ Kg8
30.Rd8 g5 31.Qd6  1-0

[Event "Rostov"]
[Site "Rostov"]
[Date "1993.??.??"]
[Round "?"]
[White "Pushkov, Nikolai"]
[Black "Smirin, Ilia"]
[Result "0-1"]
[WhiteElo "2485"]
[BlackElo "2590"]

1.d4 Nf6 2.Nf3 g6 3.Bg5 Bg7 4.Nbd2 O-O 5.e3 d5 6.Be2 c5 7.c3 Qb6 8.Qb3 Nc6
9.O-O Be6 10.dxc5 Qxc5 11.Nd4 Bc8 12.Rfd1 e5 13.Qb5 Qd6 14.N4b3 a6 15.Qc5 Qe6
16.c4 d4 17.exd4 exd4 18.Nxd4 Nxd4 19.Qxd4 h6 20.Be3 Ng4 21.Bxg4 Qxg4 22.Qb6 a5
23.h3 Qe6 24.Qxe6 Bxe6 25.Rac1 h5 26.Nf3 Bxb2 27.Rb1 Bg7 28.Rxb7 Bxc4 29.a4 Rfc8
30.Rc1 Bf8 31.Ne5 Be6 32.Rxc8 Rxc8 33.Bd2 Bd6 34.Rb5 Rc2 35.Nf3 Bc7 36.Be3 Ra2
37.g3 Rxa4 38.Rb1 Rb4 39.Rxb4 axb4 40.h4 Bd5 41.Ne1 Be4 42.Bd4 f5 43.Kf1 Kf7
44.Ke2 b3 45.Nd3 Bxd3+ 46.Kxd3 Ke6  0-1

[Event "Tilburg rapid20"]
[Site "Tilburg"]
[Date "1993.??.??"]
[Round "1"]
[White "Smirin, Ilia"]
[Black "Nijboer, Friso"]
[Result "1-0"]
[WhiteElo "2640"]
[BlackElo "2555"]

1.e4 d6 2.d4 g6 3.Bd3 Bg7 4.c3 Nf6 5.Nf3 O-O 6.O-O Nh5 7.Re1 e5 8.h3 Nc6
9.Be3 h6 10.Na3 Bd7 11.Kh2 Nf4 12.Bf1 g5 13.Nc4 f5 14.Bxf4 exf4 15.exf5 d5
16.Nce5 Bxf5 17.Bd3 Qd6 18.Qb3 Bxd3 19.Nxd3 b6 20.Kg1 Rae8 21.Rad1 Na5 22.Qa4 Qc6
23.Qc2 Qg6 24.Re2 Rxe2 25.Qxe2 Re8 26.Nfe5 Nc6 27.Qf3 Nxe5 28.Nxe5 Bxe5 29.Qxd5+ Qf7
30.dxe5 Qxd5 31.Rxd5 Kf7 32.g4 c6 33.Rd6 Re6 34.Kg2 Rxd6 35.exd6 Ke6 36.Kf3 Kxd6
37.Ke4 Ke6 38.b4 a6 39.a4 Kd6 40.Kd4 Ke6 41.c4 Kd6 42.a5 bxa5 43.bxa5 f3
44.c5+ Ke6 45.Ke4 Kf6 46.Kxf3 Ke5 47.Ke3 Kd5 48.f4 gxf4+ 49.Kxf4 Kxc5 50.h4 Kd5
51.Kf5 c5 52.g5 hxg5 53.hxg5 Kd6 54.Kf6 c4 55.g6 c3 56.g7 c2 57.g8=Q c1=Q
58.Qd8+  1-0

[Event "Tilburg"]
[Site "Tilburg"]
[Date "1993.??.??"]
[Round "3"]
[White "Cvitan, Ognjen"]
[Black "Smirin, Ilia"]
[Result "1-0"]
[WhiteElo "2550"]
[BlackElo "2640"]

1.Nf3 Nf6 2.c4 g6 3.g3 Bg7 4.Bg2 O-O 5.O-O d6 6.d4 Nc6 7.Nc3 Bf5 8.b3 Ne4
9.Nd5 Bd7 10.Bb2 f5 11.e3 a6 12.Rc1 b5 13.Nd2 Ng5 14.Qe2 b4 15.c5 Kh8 16.cxd6 cxd6
17.h4 Nf7 18.Nf4 Na5 19.Bxa8 Qxa8 20.Rc7 Rd8 21.Rfc1 e5 22.dxe5 Nxe5 23.h5 g5
24.h6 Bf8 25.Nd3 Kg8  1-0

[Event "Tilburg"]
[Site "Tilburg"]
[Date "1993.??.??"]
[Round "3"]
[White "Smirin, Ilia"]
[Black "Cvitan, Ognjen"]
[Result "1/2-1/2"]
[WhiteElo "2640"]
[BlackElo "2550"]

1.e4 c5 2.Nf3 d6 3.d4 cxd4 4.Nxd4 Nf6 5.Nc3 e6 6.f4 a6 7.Be2 Be7 8.O-O O-O
9.a4 Nc6 10.Kh1 Qc7 11.Be3 Re8 12.Bd3 Nb4 13.a5 Bd7 14.Qe1 Rac8 15.Nf3 Bc6
16.Qg3 Nd7 17.Ng5 Bxg5 18.Qxg5 h6 19.Qg3 Nxd3 20.cxd3 f5 21.Qg6 Nf6 22.Bd4 Qf7
23.Qg3 Kh7 24.Qh3 Qh5  1/2-1/2

[Event "Wijk op"]
[Site "Wijk aan Zee"]
[Date "1993.??.??"]
[Round "1"]
[White "Leko, Peter"]
[Black "Smirin, Ilia"]
[Result "1-0"]
[WhiteElo "2465"]
[BlackElo "2590"]

1.e4 c5 2.Nf3 d6 3.d4 cxd4 4.Nxd4 Nf6 5.Nc3 a6 6.Be3 e6 7.f4 b5 8.Qf3 Bb7
9.Bd3 b4 10.Nce2 Nbd7 11.g4 e5 12.Nb3 exf4 13.Bxf4 Qe7 14.O-O-O Ne5 15.Qg3 Rc8
16.Ned4 Qc7 17.Kb1 g6 18.Rde1 Nfxg4 19.Bd2 Qb6 20.Rhf1 Bg7 21.h3 Nf6 22.Nf5 Bf8
23.Qh4 Nfd7 24.Nh6 Bg7 25.Qf4 Nc5 26.Nxc5 dxc5 27.Bc4 f6 28.Bd5 Rd8 29.Bxb7 Qxb7
30.h4 Qe7 31.Bc1 Kd7 32.Ng4 Nxg4 33.Qxg4+ Qe6 34.Qg1 Kc6 35.h5 Rdg8 36.hxg6 Bf8
37.e5 Rxg6 38.Qh1+ Qd5 39.Qh3 f5 40.Qxf5 Bg7 41.Rd1 Qxe5 42.Qd7+ Kb6 43.Rf7 Bh6
44.Re7 Qb8 45.Re6+  1-0

[Event "Wijk op"]
[Site "Wijk aan Zee"]
[Date "1993.??.??"]
[Round "5"]
[White "Van der Sterren, Paul"]
[Black "Smirin, Ilia"]
[Result "1-0"]
[WhiteElo "2490"]
[BlackElo "2590"]

1.Nf3 d6 2.d4 Bg4 3.c4 Nd7 4.e4 e5 5.Be2 Be7 6.O-O Ngf6 7.Nc3 O-O 8.Be3 c6
9.d5 Qc7 10.Nd2 Bxe2 11.Qxe2 Rfc8 12.Rfc1 a6 13.a4 a5 14.Rab1 Nc5 15.Bxc5 dxc5
16.Nf3 Re8 17.Rd1 Rad8 18.Rd3 Bf8 19.Rbd1 g6 20.g3 Qb6 21.Qc2 Kg7 22.b3 Kg8
23.Kg2 Qc7 24.h3 Qb6 25.g4 Kg7 26.Ng1 Qc7 27.Nge2 h5 28.f3 Qe7 29.Qd2 Kg8
30.Ng3 h4 31.Nge2 Nh7 32.Qe3 Qf6 33.Rf1 Be7 34.Qh6 Qd6 35.Qd2 Ng5 36.Rd1 Qf6
37.Qe1 Kg7 38.Nb1 Ra8 39.Qc3 Red8 40.Nd2 Bd6 41.Nb1 Bc7 42.Na3 Rd7 43.Nc2 Re8
44.Ne1 Ra8 45.Qd2 Rc8 46.Nc3 Rcd8 47.Qe3 Bd6 48.Ne2 cxd5 49.Rxd5 Ne6 50.Qd2 b6
51.f4 g5 52.fxe5 Bxe5 53.Rxd7 Rxd7 54.Qxd7 Nf4+ 55.Nxf4 Qxf4 56.Qf5 Qh2+
57.Kf1 Bf4 58.Rd3  1-0

[Event "Wijk op"]
[Site "Wijk aan Zee"]
[Date "1993.??.??"]
[Round "6"]
[White "Smirin, Ilia"]
[Black "Lputian, Smbat G"]
[Result "0-1"]
[WhiteElo "2590"]
[BlackElo "2610"]

1.e4 e6 2.d4 d5 3.Nc3 Nf6 4.Bg5 dxe4 5.Nxe4 Be7 6.Bxf6 Bxf6 7.Nf3 O-O 8.Bc4 Nd7
9.Qe2 Be7 10.O-O c5 11.d5 exd5 12.Bxd5 Nb6 13.Bb3 Qc7 14.c3 Bg4 15.h3 Bh5
16.Ng3 Bg6 17.Ne5 Rae8 18.Nxg6 hxg6 19.Rfe1 c4 20.Bc2 Qc6 21.Rad1 Qb5 22.b3 Bf6
23.Qf3 Qa5 24.a4 Rxe1+ 25.Rxe1 Bxc3 26.Re4 Be5 27.bxc4 Nxa4 28.Qa3 Bxg3 29.Bxa4 Be5
30.f4 Qb6+ 31.Kh2 Bd6 32.Qb3 Qf2 33.Qg3 Qf1 34.Qf3 Qxf3 35.gxf3 g5 36.Kg2 gxf4
37.Rd4 Bc5 38.Rxf4 Rd8 39.Rf5 Rd2+ 40.Kg3 Bd6+ 41.f4 Rd4 42.Be8 Kf8 43.Bxf7 Rxf4
44.Rd5 Rf6+  0-1